| 000 | 03943nam a22004214i 4500 | ||
|---|---|---|---|
| 003 | PE-LiUPU | ||
| 005 | 20260325144728.0 | ||
| 008 | 190900s2018 pe a b 000 0 spa d | ||
| 035 | _aPE-LiUPU000002 | ||
| 040 |
_aPE-LiUPU _bspa _cPE-LiUPU _erda |
||
| 041 | 0 | _aspa | |
| 082 | 0 | 4 |
_a362.2 _bP471d _2TP |
| 110 | 2 |
_aPerú. _bDefensoría del Pueblo, _bPrograma de Defensa y Promoción de los Derechos de las Personas con Discapacidad. _eautor. |
|
| 245 | 1 | 3 |
_aEl derecho a la salud mental : _bsupervisión de la implementación de la política pública de atención comunitaria y el camino a la desinstitucionalización / _c[elaborado por el Programa de Defensa y Promoción de los Derechos de las Personas con Discapacidad, integrado por María Isabel León Esteban, César Augusto Torres Acuña, Graciela Lucy Oroche Merma ... et al.]. |
| 264 | 1 |
_aLima : _bDefensoría del Pueblo, _c2018. |
|
| 300 |
_a229 páginas : _bilustraciones ; _c30 cm |
||
| 336 |
_atext _2rdacontent |
||
| 337 |
_aunmediated _2rdamedia |
||
| 338 |
_avolume _2rdacarrier |
||
| 490 | 0 |
_aInforme defensorial ; _v180 |
|
| 500 | _aPrimera edición: diciembre de 2018. Primera impresión: septiembre de 2019. | ||
| 504 | _aIncluye referencias bibliográficas. | ||
| 505 | 0 | _aMarco de la supervisión realizada por la Defensoría del Pueblo -- Competencia de la Defensoría del Pueblo -- Objetivo de la supervisión -- Marco legal -- Componentes del derecho a la salud mental -- Ámbito de la supervisión -- Metodología aplicada -- Cumplimiento del deber de cooperación con la Defensoría del Pueblo -- La salud mental en las políticas públicas -- El internamiento y la institucionalización -- Marco internacional sobre internamientos -- Legislación nacional en salud mental -- Antecedentes -- Ley N° 29889 -- Decreto Supremo N° 033-2015-SA -- Norma técnica de salud en centros de salud mental comunitario -- Legislación sobre personas con adicciones -- Política pública en salud mental en el Perú -- Organización -- Presupuesto para la implementación de las políticas en salud mental -- Disponibilidad y acceso a la atención en salud mental -- Oferta de servicios en salud mental -- Servicios en redes de atención comunitaria del MINSA -- Centros de salud mental comunitario -- Unidades de hospitalización de salud mental y adicciones -- Hospitales psiquiátricos del Ministerio de Salud -- Hogares protegidos -- Servicios en EsSalud -- Sistema de referencia y contrarreferencia -- Disponibilidad de medicamentos -- Petitorio nacional único de medicamentos esenciales -- Personal para la atención en salud mental -- Seguro Integral de Salud -- Adaptabilidad y calidad en la atención en salud mental -- Internamiento, institucionalización y desinstitucionalización -- Consentimiento informado -- Condiciones de internamiento -- Terapia electroconvulsiva -- Percepción de usuarios -- Situación de personas declaradas inimputables con medida de seguridad de internamiento -- Marco normativo -- Resultados de la supervisión. | |
| 650 | 1 | 8 |
_aServicios de salud mental _zPerú _xEvaluación _98270 |
| 650 | 1 | 0 |
_aPolítica de salud mental _zPerú _xEvaluación _98271 |
| 650 | 1 | 0 |
_aDerecho a la salud pública _zPerú _98272 |
| 650 | 1 | 8 |
_aSalud mental _xPolíticas públicas _zPerú. |
| 650 | 1 | 8 |
_aServicios de salud mental _zPerú. |
| 650 | 1 | 8 |
_aDerechos humanos _xSalud mental. |
| 650 | 1 | 8 |
_aPersonas con discapacidad _xDerechos. |
| 651 | 4 |
_aPerú _xPolítica social. |
|
| 700 |
_aLeón Esteban, María Isabel, _d1974- _eelaborador. _98273 |
||
| 700 |
_aTorres Acuña, César Augusto, _d1972- _eelaborador. _98274 |
||
| 700 |
_aOroche Merma, Graciela Lucy, _d1975- _eelaboradora. _98275 |
||
| 710 |
_aMecanismo Independiente para la Convención sobre los Derechos de las Personas con Discapacidad (Perú), _ecolaborador. _98276 |
||
| 942 |
_2ddc _cBK |
||
| 980 |
_618228 _aRebeca Esther Huerta Leyton _818226 _gJaime Vilcazán Jefe de Análisis Documental |
||
| 999 |
_c63325 _d63324 |
||